История развития дальневосточной рок-музыки (Запись № 12377238)

Подробности
000 -МАРКЕР
контрольное поле 02159nam0a2200385 4500
001 - ИДЕНТИФИКАТОР ЗАПИСИ
контрольное поле RU\NLR\BIBL_A\022277128
005 - ИДЕНТИФИКАТОР ВЕРСИИ
контрольное поле 20241031093035.0
010 ## - МЕЖДУНАРОДНЫЙ СТАНДАРТНЫЙ НОМЕР КНИГИ (ISBN)
Номер (ISBN) 978-5-6050105-0-0
Тираж 100
021 ## - НОМЕР ГОСУДАРСТВЕННОЙ РЕГИСТРАЦИИ
Код страны Российская Федерация
Номер КН-П-24-031255
Номер Листа государственной регистраци КН-П-24-3163
035 ## - ДРУГИЕ СИСТЕМНЫЕ НОМЕРА
Идентификатор записи (NLR Aleph) 022277128
100 ## - ДАННЫЕ ОБЩЕЙ ОБРАБОТКИ
Данные общей обработки 20240712d2023 u y0rusy50 ca
101 0# - ЯЗЫК РЕСУРСА
Язык текста, звукозаписи и т.д. русский
Язык резюме английский
102 ## - СТРАНА ПУБЛИКАЦИИ ИЛИ ПРОИЗВОДСТВА
Страна публикации Российская Федерация
105 ## - ПОЛЕ КОДИРОВАННЫХ ДАННЫХ: ТЕКСТОВЫЕ МАТЕРИАЛЫ, МОНОГРАФИЧЕСКИЕ
Кодированные данные о монографическом текстовом документе ac g 000yy
181 #0 - ПОЛЕ КОДИРОВАННЫХ ДАННЫХ: ВИД СОДЕРЖАНИЯ
Код вида содержания (ISBD) i3
Код характеристики содержания (ISBD) axxe
182 #0 - ПОЛЕ КОДИРОВАННЫХ ДАННЫХ: ТИП СРЕДСТВА
Код типа средства (ISBD) n - непосредственное
200 1# - ЗАГЛАВИЕ И СВЕДЕНИЯ ОБ ОТВЕТСТВЕННОСТИ
Основное заглавие История развития дальневосточной рок-музыки
Параллельное заглавие The history of the development of Far Eastern rock music
Сведения, относящиеся к заглавию справочное издание
Первые сведения об ответственности Белогрудова И. Г., Тарасов О. Ю.
Последующие сведения об ответственности Студенческое научное общество "CyberNet", Хабаровский институт инфокоммуникаций СибГУТИ
Язык параллельного заглавия английский
203 ## - ВИД СОДЕРЖАНИЯ И ТИП СРЕДСТВА
Вид содержания Текст
Дополнительные сведения об издании визуальный
Тип средства непосредственный
210 ## - ПУБЛИКАЦИЯ, РАСПРОСТРАНЕНИЕ И ДР.
Место издания, распространения и т.д. Хабаровск
Имя издателя, распространителя и т. д. CyberNet
Дата издания, распространения и т.д. 2023
215 ## - ФИЗИЧЕСКАЯ ХАРАКТЕРИСТИКА
Специфическое обозначение материала и объем 103 с.
Другие сведения о физической характеристике ил., портр.
Размеры 20
300 ## - ОБЩИЕ ПРИМЕЧАНИЯ
Текст примечания Авт. также на англ. яз.: Belogrudova Irena G., Tarasov Oleg Yu.
300 ## - ОБЩИЕ ПРИМЕЧАНИЯ
Текст примечания Рез. англ.
320 ## - ПРИМЕЧАНИЯ О НАЛИЧИИ В ДОКУМЕНТЕ БИБЛИОГРАФИИ / УКАЗАТЕЛЯ
Текст примечания Библиогр.: с. 101-102 и в подстроч. примеч.
510 1# - ПАРАЛЛЕЛЬНОЕ ЗАГЛАВИЕ
Связь между полями z22790
Параллельное заглавие The history of the development of Far Eastern rock music
Язык заглавия английский
606 1# - НАИМЕНОВАНИЕ ТЕМЫ КАК ПРЕДМЕТ
Наименование темы Рок-музыка
Формальный подзаголовок Справочники
Географический подзаголовок Российская Федерация
-- Дальний Восток
Системный номер авторитетной/нормативной записи 2646620
Идентификатор авторитетной/нормативной записи RU\NLR\AUTH\6601746213
686 1# - ИНДЕКСЫ ДРУГИХ КЛАССИФИКАЦИЙ
Индекс Щ313(2Р5)7-487.51 я2
700 #1 - ИМЯ ЛИЦА - ПЕРВИЧНАЯ ОТВЕТСТВЕННОСТЬ
Начальный элемент ввода Белогрудова
Часть имени, кроме начального элемента ввода И. Г.
Расширение инициалов личного имени Ирена Геннадьевна
701 #1 - ИМЯ ЛИЦА - АЛЬТЕРНАТИВНАЯ ОТВЕТСТВЕННОСТЬ
Графика поля Кириллица
Материалы, к которым относится поле rus
Начальный элемент ввода Тарасов
Часть имени, кроме начального элемента ввода О. Ю.
Дополнения к именам, кроме дат канд. ист. наук, обрядовая культура
Даты 1972-
Расширение инициалов личного имени Олег Юрьевич
Системный номер авторитетной/нормативной записи 107047
Идентификатор авторитетной/нормативной записи RU\NLR\AUTH\77124122
790 #1 - ИМЯ ЛИЦА - АЛЬТЕРНАТИВНАЯ ФОРМА
Связь между полями z22
Начальный элемент ввода Belogrudova
Часть имени, кроме начального элемента ввода I. G.
Расширение инициалов личного имени Irena Gennad'evna
790 #1 - ИМЯ ЛИЦА - АЛЬТЕРНАТИВНАЯ ФОРМА
Связь между полями z22
-- z22510
Графика поля Латинская
Материалы, к которым относится поле rus
Начальный элемент ввода Tarasov
Часть имени, кроме начального элемента ввода O. Ju.
Дополнения к именам, кроме дат канд. ист. наук, обрядовая культура
Даты 1972-
Расширение инициалов личного имени Oleg Jur'evič
Системный номер авторитетной/нормативной записи 107048
Идентификатор авторитетной/нормативной записи RU\NLR\AUTH\77124123
942 ## - ДОПОЛНИТЕЛЬНЫЕ ЭЛЕМЕНТЫ ЗАПИСИ (АБИС)
Тип экземпляра АБИС Книга
980 ## - КОЛЛЕКЦИЯ
Название коллекции Национальная библиография
Экземпляры
Тип экземпляра Дата поступления Источник поступления Стоимость Библиотека постоянного хранения Библиотека текущего хранения Место хранения Шифр хранения Штрих-код Статус экземпляра
Книга 12.07.2024 Обязательный экземпляр 0.00 РНБ (Московский) РНБ (Московский) Русский книжный фонд: издания с 1957 года 2024-3/13338 1-4657809